| 000 | 01113nam a2200313 i 4500 | ||
|---|---|---|---|
| 001 | bg | ||
| 100 | 1 | _aGROCKI, Romuald | |
| 245 | 1 | 0 |
_aZagospodarowanie terenów zalewowych / _cRomuald Grocki, Ryszard Eliasiewicz ; Biuro Koordynacji Projektu Banku Światowego. |
| 260 |
_aWrocław : _b"Safege" : _bBKPBŚ, _ccop. 2001. |
||
| 300 |
_a103 s., [16] s. tabl. kolor. : _bil. ; _c23 cm. |
||
| 490 | 1 | _aOgraniczanie Skutków Powodzi w Skali Lokalnej | |
| 504 | _aBibliogr. | ||
| 650 | 9 |
_aBudownictwo _xochrona i konserwacja |
|
| 650 | 9 |
_aPlanowanie przestrzenne _xa powódź |
|
| 650 | 9 |
_aPowódź _xzapobieganie |
|
| 650 | 9 |
_aSamorząd terytorialny _xa powódź |
|
| 650 | 9 |
_aSzkody popowodziowe _xzwalczanie |
|
| 655 | _aPodręczniki | ||
| 700 | 1 | _aELIASIEWICZ, Ryszard | |
| 710 | 0 | _aBiuro Koordynacji Projektu Banku Światowego (Wrocław) | |
| 830 | _aOgraniczanie Skutków Powodzi w Skali Lokalnej | ||
| 020 | _a8391497445 | ||
| 040 | _cBPK | ||
| 041 | 0 | _apl | |
| 080 | _a556.166:352/353:711.2:69.059](07) | ||
| 920 | _a83-914974-4-5 | ||
| 942 | _cKS | ||
| 008 | s pl f |000 0 pol | ||
| 999 |
_c42244 _d42244 |
||
| 856 |
_uhttp://koha.tu.koszalin.pl/cgi-bin/koha/opac-detail.pl?biblionumber=42244 _yKatalog online BPK |
||